00498nmm a2200145Ia 4500008004100000020001800041041000800059100004000067245008700107264004200194300001800236490001900254650002900273856005000302251105s9999||||xx |||||||||||||||||und|| a9788497432856 aspa aGonzález Casanova, José Antonio 0aLa derecha contra el Estado :b El liberalismo autoritario en España (1833-2008) a[Madrid, España] :bMilenio, c2010 a244 páginas aEnsayo Milenio aHistory of Europe: Spain uhttps://public.digitaliapublishing.com/a/6413